| 000 | 01165cam a2200241 4500 | ||
|---|---|---|---|
| 001 | WB3648-08 | ||
| 008 | 000000n2000 000 0 eng u | ||
| 035 | _a(Sirsi) u109760 | ||
| 245 | _aBranson becomes developer | ||
| 260 | _c2000 | ||
| 490 |
_aProperty Week _v65(47) 1 December 2000, 11(1) |
||
| 520 | _aGovernment's decision to award 22 new rail franchises for the extended period of 20 years has handed rail operators, such as Richard Branson's Virgin Rail Group, the opportunity to see a return from property investments in and around stations. This month Virgin will find out whether its bid for the London-Edinburgh line has been accepted. This includes £40m improvements to existing stations. All the new and improved stations will provide opportunities for commercial and retail schemes. | ||
| 590 | _aWB | ||
| 650 | _aVIRGIN RAIL | ||
| 650 | _aRAILWAY STATIONS | ||
| 650 | _aPROPERTY DEVELOPMENT | ||
| 650 | _aRETAIL DEVELOPMENT | ||
| 650 | _aPROPERTY INVESTMENTS | ||
| 650 | _aRAIL FRANCHISES | ||
| 650 | _aRAIL OPERATING COMPANIES | ||
| 690 | _aPROPERTY-COMMERCIAL PROPERTY-COMMERCIAL PROPERTY FINANCE AND INVESTMENT | ||
| 942 | _n0 | ||
| 999 |
_c65511 _d65511 |
||